| 000 | 00670 a2200193 4500 | ||
|---|---|---|---|
| 010 | _aENG-85918 | ||
| 020 |
_a8124112618 _c395.00 |
||
| 035 | _aEN-69451 | ||
| 037 | _bD.B.Act / Pub | ||
| 082 | 1 | 4 | _aN |
| 090 |
_c3727 _d3727 |
||
| 100 | 1 | _aDalmia Adhar, Neelima | |
| 245 | 1 |
_aMerchants of death _cby Neelima Dalmia Adhar |
|
| 260 |
_aNew Delhi _bHar-Anand Publications _c2007 |
||
| 270 |
_aE-49/3, Okhla Induatrial Area, Phase-II _bNew Delhi _e110 020 _k011-41603490 _l011-41708607 _mharanand@rediffmail.com |
||
| 300 |
_a371 p. _b22 cm ( Pbk.) |
||
| 942 |
_adpl _cEN _kN / DAL |
||
| 999 |
_c3649 _d3649 |
||